Religiones del mundo /
Breve visión panorámica de las principales tradiciones religiosas del mundo: a saber, el hinduismo, el budismo, el judaísmo, el cristianismo, el islam y religiones tanto de China (universalismo, taoísmo y confucianismo) como de Japón (sintoísmo y budismo). El autor y sus colaboradores abordan el tra...
Salvato in:
| Autore principale: | |
|---|---|
| Natura: | Libro |
| Lingua: | spagnolo |
| Pubblicazione: |
Colonia, Alemania :
Könemann,
1997, c1997
|
| Soggetti: | |
| Tags: |
Nessun Tag, puoi essere il primo ad aggiungerne!!
|
MARC
| LEADER | 00000nam^a2200000^a^4500 | ||
|---|---|---|---|
| 001 | 000118613 | ||
| 005 | 20250521000000.0 | ||
| 009 | 20260310094247.91 | ||
| 020 | |a 3-89508-857-9 | ||
| 037 | |a Acervo ITESO - Biblioteca | ||
| 041 | |a ESP | ||
| 082 | |a 291. |b HAT | ||
| 100 | |a Hattstein, Markus |e (autor) | ||
| 245 | 1 | 0 | |a Religiones del mundo / |c M. Hattstein ; colaboración de Li Deman... [et al.] ; tr. María José Buxó-Dulce Montesinos, Angela Cots Egert. |
| 264 | 4 | |a Colonia, Alemania : |b Könemann, |c 1997, c1997 | |
| 300 | |a 120 p. | ||
| 336 | |a texto |b txt |2 rdacontenido | ||
| 337 | |a sin mediación |b n |2 rdamedio | ||
| 338 | |a volumen |b nc |2 rdasoporte | ||
| 520 | |a Breve visión panorámica de las principales tradiciones religiosas del mundo: a saber, el hinduismo, el budismo, el judaísmo, el cristianismo, el islam y religiones tanto de China (universalismo, taoísmo y confucianismo) como de Japón (sintoísmo y budismo). El autor y sus colaboradores abordan el trayecto histórico de estas tradiciones, las figuras de sus respectivos fundadores, sus textos sagrados y sus vinculaciones con el ámbito de la vida política. | ||
| 649 | |a XX | ||
| 650 | |a Brahmanismo | ||
| 650 | |a Hinduismo | ||
| 650 | |a Budismo | ||
| 650 | |a Universalismo | ||
| 650 | |a Taoísmo | ||
| 650 | |a Confucianismo | ||
| 650 | |a Islamismo | ||
| 650 | |a Judaísmo | ||
| 650 | |a Cristianismo | ||
| 650 | |a Religión | ||
| 910 | |a Fondo General | ||
| 920 | |a Impresos - Libros | ||
| 930 | |a Colección General | ||
| 905 | |a 101 | ||
| 901 | |a 0500053600 |b IT1 |c ACC |u 20250521 | ||
| 902 | |a https://opac.biblio.iteso.mx/vufind/Record/000118613 | ||